Černokoževa, Elka Ch., 1950-. Das Reine und das Vermischte. - Münster [u.a.] : Waxmann. - 2000 [Rezension]
| Titel: | Černokoževa, Elka Ch., 1950-. Das Reine und das Vermischte. - Münster [u.a.] : Waxmann. - 2000 [Rezension] |
|---|---|
| Verfasser: | |
| In: |
Sorbisches Institut: Lětopis, Band 48, Heft 2 (2001), Seite 132-134 alle Artikel anzeigen |
| Veröffentlicht: | 2001 |
| Format: | Aufsatz |
| Sprache: | Deutsch |
X
alg: 39472759
001A $01999:12-11-16
001B $01999:03-08-21 $t21:00:38.000
001D $01999:12-11-16
001U $0utf8
001X $00
002@ $0Aox
003@ $0394727592
007A $0394727592 $aHEB
007T $0Herd50131
010@ $ager
011@ $a2001
021A $aČernokoževa, Elka Ch., 1950-. Das @Reine und das Vermischte. - Münster {[u.a.] : Waxmann. - 2000 [Rezension]
028A $aKramer $dDieter
031A $d48 $e2 $h132-134 $j2001
039B $aIn $8--Abvc--Sorbisches Institut [Tb1]. Lětopis. - Bautzen : Domowina-Verl., 1992-. - ISSN 0943-2787 $x200100000480002868 $9048608750
039T $8--Aau--Černokoževa, Elka Ch.$Z1950- [Tp1]. Das @Reine und das Vermischte. - Münster {[u.a.] : Waxmann, 2000. - 199 S.. - ISBN 3-89325-911-2 $9093229267
045F $a900.94385 $eDDC23BSB
045F/01 $a900
045F/03 $g4385
045T $a10 $a8,1 $a9,10
lok: 39472759 78
exp: 39472759 78 1 #EPN
201B/01 $018-11-16 $t12:32:00.000
201U/01 $0utf8
203@/01 $0791026191
208@/01 $a12-11-16 $be
209A/01 $a/ $f000 $x00
220C/01 $aTitelaufnehmer: jk
244Z/01 $2Trx $#Silesia $#Śląsk $#Sliezsko $#Slezsko $8--Trx--Schlesien $x01 $9391173987
244Z/01 $2Trx $#Germania Slavica $#"Germania Slavica" $#Germania Slavica $#Germania Slavica $#Germania Slavica $#Germania Slavica $#Germania Slavica $8--Trx--Germania Slavica $x02 $9391371002
244Z/01 $2Trx $#arvustused $#recenzijos $#Reviews $#recenziók $#recenzje $#recenzie $#recenze $8--Trx--Rezensionen $x03 $9391357441
247C/01 $82080>Marburg/Lahn, Herder-Institut, Forschungsbibliothek, Bibliographieportal $9336309341
| LEADER | 00000caa a22000002c 4500 | ||
|---|---|---|---|
| 001 | 394727592 | ||
| 003 | DE-603 | ||
| 005 | 20210803210038.0 | ||
| 007 | tu | ||
| 008 | 161112s2001 xx |||| | u00||u|ger c | ||
| 035 | |a (DE-599)HEB394727592 | ||
| 040 | |a DE-603 |b ger |c DE-603 |d DE-603 | ||
| 041 | |a ger | ||
| 082 | 0 | 4 | |8 1\u |a 900.94385 |q DE-101 |2 23/BSB |
| 084 | |a 10 |a 8,1 |a 9,10 |2 ssgn | ||
| 085 | |8 1\u |b 900 | ||
| 085 | |8 1\u |z 2 |s 4385 | ||
| 100 | 1 | |a Kramer, Dieter | |
| 245 | 0 | 0 | |a Černokoževa, Elka Ch., 1950-. Das Reine und das Vermischte. - Münster [u.a.] : Waxmann. - 2000 [Rezension] |
| 264 | 0 | |c 2001 | |
| 773 | 0 | 8 | |i In |a Sorbisches Institut |t Lětopis |d Bautzen : Domowina-Verl., 1992- |h 24 cm |x 0943-2787 |g Band 48, Heft 2 (2001), Seite 132-134 |w (DE-603)048608750 |w (DE-600)1116990-4 |
| 787 | 0 | 8 | |i Rezension von |a Černokoževa, Elka Ch., 1950- |t Das Reine und das Vermischte |d Münster [u.a.] : Waxmann, 2000 |h 199 S., 24 cm |z 3893259112 |w (DE-603)093229267 |
| 924 | 0 | |9 2080 |a (DE-603)791026191 |b DE-2080 |c HES |d d |g / | |


